| 000 | 00921nam a2200289 4500 | ||
|---|---|---|---|
| 001 | 18692 | ||
| 003 | BD-RjUL | ||
| 005 | 20211209000324.0 | ||
| 008 | 140222s1974 ne a b 001 0 eng | ||
| 020 | _a0444106634 : | ||
| 035 | _a(BD-RjUL)18750 | ||
| 040 |
_aDLC _cDLC _dDLC _dBD-RjUL _beng |
||
| 041 | _aeng | ||
| 082 | 0 | 0 |
_a338.521 _bPHA 1974 |
| 100 | 1 |
_aPhlips, Louis. _957576 |
|
| 245 | 1 | 0 |
_aApplied consumption analysis / _cLouis Phlips. |
| 260 |
_aAmsterdam : _bNorth-Holland Pub. Co. ; _aNew York : _bAmerican Elsevier Pub. Co., _cc1974. |
||
| 300 |
_axi, 279 p. : _bill. ; _c24 cm. |
||
| 490 | 0 | _aAdvanced textbooks in economics ; v. 5 | |
| 504 | _aBibliography: p. 265-274. and index. | ||
| 650 | 0 |
_aDemand (Economic theory) _957577 |
|
| 650 | 0 |
_aConsumption (Economics) _957578 |
|
| 650 | 0 |
_aStatics and dynamics (Social sciences) _95975 |
|
| 942 |
_2ddc _cBK |
||
| 999 |
_c18692 _d18692 |
||